000 01339nab a2200217 i 4500
001 768714001
003 CO-MdFUSB
005 20230607123941.0
008 230429s2010 us ||||| |||| 00| 0 eng d
022 _a16698649
040 _bspa
_aCO-MdFUSB
_cCO-MdFUSB
_dCO-MdFUSB
041 _aeng
245 1 _aMicah Network fourth triennial global consultation on creation stewardship and climate change
_b: declaration on creation stewardship and climate change
_c/ prólogo por René Padilla
300 _aVolumen 5, número 1 (2010), páginas 73 - 78
_c; 20 cm
520 _aEste documento constituye la Declaración sobre Mayordomía de la Creación y Cambió Climático de la Conferencia de The Micah Network. Es en sí un resumen de las preocupaciones ecológicas de una red evangélica completamente comprometida con la misión integral de Dios, concebida como proclamación y demostración del evangelio. En él el lector encontrará sintetizados en diez puntos los principales hallazgos de la Cuarta Consulta Global Trienal.
546 _aTexto en inglés
650 7 _9251
_aCreación
700 1 _aPadilla, C. René
_d1932-
_eprologuista
773 0 _049416
_959774
_dSantiago de Chile
_oR1515
_tJournal of Latin American Theology :
_w(CO-MdFUSB)118
_x1669-8949
_gVolumen 5, número 1 (2010), páginas 73 - 78
_qpágina 73
942 _cANA
999 _c68821
_d68821